000 00199nam a22000857a 4500
001 1236362
005 20251001163439.0
245 _aANKARALI
_cZEYNEP CEMALİ
260 _bGÜNIŞIĞI KİTAPLIĞI YAYINLARI
999 _c1236362
_d1236362